La enseñanza de la medicina clínica (Record no. 117939)

MARC details
000 -LEADER
campo de control de longitud fija 00603nam a2200181 i 4500
001 - NÚMERO DE CONTROL
campo de control 117939
003 - IDENTIFICADOR DE NÚMERO DE CONTROL
campo de control ES-MaACL
005 - FECHA Y HORA DE LA ÚLTIMA TRANSACCIÓN
campo de control 20250910063116.0
007 - CAMPO FIJO DE DESCRIPCIÓN FÍSICA--INFORMACIÓN GENERAL
campo de control de longitud fija t|
008 - DATOS DE LONGITUD FIJA--INFORMACIÓN GENERAL
campo de control de longitud fija 070214s1962 sp r ||||1| spa d
100 1# - ENTRADA PRINCIPAL--NOMBRE DE PERSONA
Nombre de persona Peláez Redondo, Julio,
Fechas asociadas al nombre 1915-2001
9 (RLIN) 130961
245 13 - MENCIÓN DEL TÍTULO
Título La enseñanza de la medicina clínica
Resto del título : (problemas de la Universidad) /
Mención de responsabilidad, etc. Julio Peláez Redondo.
260 ## - PUBLICACIÓN, DISTRIBUCIÓN, ETC.
Lugar de publicación, distribución, etc. Madrid :
Nombre del editor, distribuidor, etc. Paz Montalvo,
Fecha de publicación, distribución, etc. 1962.
300 ## - DESCRIPCIÓN FÍSICA
Extensión 115 p. ;
Dimensiones 24 cm.
650 #7 - PUNTO DE ACCESO ADICIONAL DE MATERIA--TÉRMINO DE MATERIA
Término de materia o nombre geográfico como elemento de entrada Medicina-
Subdivisión general Estudio y enseñanza-
Subdivisión geográfica España
Fuente del encabezamiento o término
9 (RLIN) 151425
852 ## - LOCALIZACIÓN
Ubicación ES-MaACL
Número de control de estantería C-24088
Sublocalización o colección R.50188
Holdings
Estatus retirado Estado de pérdida Estado de daño No para préstamo Biblioteca de origen Biblioteca actual Ubicación en estantería Fecha de adquisición Fuente de adquisición Total de préstamos Signatura topográfica completa Código de barras Visto por última vez Precio de reemplazo Tipo de ítem Koha
        Biblioteca del Ateneo de Madrid Biblioteca del Ateneo de Madrid Depósito 2 17/01/2008     C-24088 1122954 23/02/2023 23/02/2023 Libro impreso